[Event "IRI-ch U14"]
[Site "Chess.com INT"]
[Date "2021.01.16"]
[Round "9"]
[White "Khanipour, Abolfazl"]
[Black "Yazdani, Alireza"]
[Result "1-0"]
[WhiteElo "1757"]
[BlackElo "1594"]
[PlyCount "83"]
[EventDate "2021.01.16"]
[EventType "swiss"]
[EventRounds "11"]
[EventCountry "IRI"]
[SourceTitle "EXT 2022"]
[Source "ChessBase"]
[SourceDate "2021.10.06"]
[SourceVersion "1"]
[SourceVersionDate "2021.10.06"]
[SourceQuality "1"]

1. e4 e6 2. d4 d5 3. Nc3 Nf6 4. Bg5 Be7 5. e5 Nfd7 6. h4 Bxg5 7. hxg5 Qxg5 8. Nh3 Qe7 9. Qg4 f6 10. Nf4 Nf8 11. Nfxd5 Qd7 12. exf6 exd5 13. fxg7 Qe7+ 14. Qe2 Qxe2+ 15. Bxe2 Rg8 16. gxf8Q+ Rxf8 17. Nxd5 Kd8 18. Rxh7 Bd7 19. f3 c6 20. Nc3 Kc8 21. 0-0-0 Na6 22. Bxa6 bxa6 23. Ne4 Bf5 24. Nd6+ Kd8 25. Nxf5 Rxf5 26. Rh8+ Kc7 27. Rxa8 Kb6 28. Rb8+ Kc7 29. Rg8 Rf7 30. d5 cxd5 31. Rxd5 Kb6 32. Rg6+ Kc7 33. Rxa6 Kb7 34. Rda5 Kb8 35. Rxa7 Rxa7 36. Rxa7 Kxa7 37. g4 Kb7 38. g5 Kc7 39. f4 Kd6 40. f5 Ke5 41. g6 Kd5 42. g7 1-0

[Event "IRI-ch U14"]
[Site "Chess.com INT"]
[Date "2021.01.16"]
[Round "3"]
[White "Yazdani, Alireza"]
[Black "Ghasemi, Mahdi"]
[Result "1-0"]
[WhiteElo "1594"]
[BlackElo "1129"]
[PlyCount "163"]
[EventDate "2021.01.16"]
[EventType "swiss"]
[EventRounds "11"]
[EventCountry "IRI"]
[SourceTitle "EXT 2022"]
[Source "ChessBase"]
[SourceDate "2021.10.06"]
[SourceVersion "1"]
[SourceVersionDate "2021.10.06"]
[SourceQuality "1"]

1. d4 c5 2. c3 cxd4 3. cxd4 e6 4. Bf4 d5 5. Nc3 Bd6 6. Bg3 Nf6 7. e3 0-0 8. Nf3 Nc6 9. Bd3 b6 10. a3 Bb7 11. 0-0 Rc8 12. Qe2 Re8 13. Ne5 Qc7 14. f4 Nd7 15. Bh4 f6 16. Nf3 f5 17. Ne5 Bxe5 18. fxe5 Na5 19. Rac1 Qb8 20. Rf3 Nc4 21. Bxc4 dxc4 22. Rg3 a6 23. Qh5 g6 24. Qh6 Rf8 25. Be7 Qc7 26. Bxf8 Rxf8 27. Rf1 Qc6 28. Rf4 b5 29. Rxg6+ Kf7 30. Qxh7+ Ke8 31. d5 Qc5 32. Rxe6+ Kd8 33. Qh4+ Kc7 34. Qf2 Bxd5 35. Nxd5+ Qxd5 36. Rd6 Qxe5 37. Rxa6 Nc5 38. Ra7+ Kb6 39. Rh7 Nd3 40. Rh6+ Kc5 41. Qf3 Qd5 42. Qxd5+ Kxd5 43. Rd4+ Ke5 44. Rb6 Re8 45. Rxb5+ Kf6 46. Rxc4 Rxe3 47. Rc6+ Kg5 48. h4+ Kxh4 49. Kh2 Kg4 50. Rc4+ f4 51. Rb3 Kf5 52. Rcc3 Ke4 53. Rxd3 Rxd3 54. Rxd3 Kxd3 55. Kh3 Kc2 56. Kg4 Kxb2 57. a4 Kc3 58. a5 Kd4 59. Kxf4 Kc5 60. g4 Kb5 61. g5 Kxa5 62. Kf5 Kb6 63. Kf6 Kc7 64. Kf7 Kd8 65. g6 Kd7 66. g7 Kd6 67. g8Q Kc5 68. Qg6 Kd4 69. Qe6 Kd3 70. Qe5 Kc4 71. Qd6 Kc3 72. Qd5 Kc2 73. Qd4 Kc1 74. Qd3 Kb2 75. Qc4 Ka3 76. Qb5 Ka2 77. Qb4 Ka1 78. Ke6 Ka2 79. Kd5 Ka1 80. Kd4 Ka2 81. Kc3 Ka1 82. Qb2# 1-0